LEADER 02834nam 22006375 450 001 9910798124803321 005 20200919180733.0 010 $a1-137-08751-X 024 7 $a10.1007/978-1-137-08751-5 035 $a(CKB)3710000000653208 035 $a(SSID)ssj0001668924 035 $a(PQKBManifestationID)16460743 035 $a(PQKBTitleCode)TC0001668924 035 $a(PQKBWorkID)12560182 035 $a(PQKB)10367938 035 $a(DE-He213)978-1-137-08751-5 035 $a(MiAaPQ)EBC4716764 035 $a(EXLCZ)993710000000653208 100 $a20160224d2009 u| 0 101 0 $aeng 135 $aurnn|008mamaa 181 $ctxt 182 $cc 183 $acr 200 10$aDiasporic Avant-Gardes$b[electronic resource] $eExperimental Poetics and Cultural Displacement /$fedited by C. Noland, B. Watten 205 $a1st ed. 2009. 210 1$aNew York :$cPalgrave Macmillan US :$cImprint: Palgrave Macmillan,$d2009. 215 $a1 online resource (XIII, 274 p.) 300 $aBibliographic Level Mode of Issuance: Monograph 311 $a0-230-61629-1 311 $a0-230-10272-7 320 $aIncludes bibliographical references and index. 330 $aDiasporic Avant-Gardes draws into dialogue two differing traditions of poetic practice: the diasporic and the avant-garde. This interdisciplinary collection examines the unacknowledged affinities (and crucial differences) between avant-garde and diasporic formal strategies and social formations. The essays foreground the creation of experimental forms and investigate the specific contexts of cultural displacement and language use that inform their poetics. 606 $aLiterature    606 $aAmerica?Literatures 606 $aLiterature?Philosophy 606 $aPoetry 606 $aPostcolonial/World Literature$3https://scigraph.springernature.com/ontologies/product-market-codes/838000 606 $aNorth American Literature$3https://scigraph.springernature.com/ontologies/product-market-codes/834000 606 $aLiterary Theory$3https://scigraph.springernature.com/ontologies/product-market-codes/812000 606 $aPoetry and Poetics$3https://scigraph.springernature.com/ontologies/product-market-codes/824000 615 0$aLiterature   . 615 0$aAmerica?Literatures. 615 0$aLiterature?Philosophy. 615 0$aPoetry. 615 14$aPostcolonial/World Literature. 615 24$aNorth American Literature. 615 24$aLiterary Theory. 615 24$aPoetry and Poetics. 676 $a809.1 702 $aNoland$b C$4edt$4http://id.loc.gov/vocabulary/relators/edt 702 $aWatten$b B$4edt$4http://id.loc.gov/vocabulary/relators/edt 906 $aBOOK 912 $a9910798124803321 996 $aDiasporic Avant-Gardes$93688104 997 $aUNINA